[Event "26th Hit Open-A 2022"]
[Site "Nova Gorica"]
[Date "2022.09.22"]
[Round "9.37"]
[White "Zlatanovic, Srdjan"]
[Black "Alexandrova, Angelina"]
[Result "0-1"]
[WhiteElo "1740"]
[BlackElo "1842"]
[Annotator "NA RC COMBH"]
[PlyCount "66"]
[EventDate "2022.09.16"]
[EventType "swiss"]
[EventCountry "SLO"]
[SourceTitle "playchess.com"]
[Source "ChessBase"]
[SourceQuality "1"]

1. d4 d5 2. Bf4 c5 3. e3 Nc6 4. c3 Nf6 5. Nf3 Nh5 6. Bg3 Nxg3 7. hxg3 Qb6 8. Qc2 cxd4 9. exd4 h6 10. Nbd2 Bd7 11. Bd3 Rc8 12. Qb1 e6 13. Ng5 Be7 14. Ndf3 Qd8 15. Nh3 g5 16. g4 e5 17. Bb5 exd4 18. Bxc6 bxc6 19. Nxd4 Bxg4 20. Qd3 Qd7 21. f3 Bxh3 22. Rxh3 g4 23. Rh5 Bg5 24. Nf5 Kd8 25. fxg4 Re8+ 26. Kf1 Qe6 27. Qg3 Qe2+ 28. Kg1 Re6 29. Rf1 Rc7 30. Qh3 Re4 31. Qf3 Qxb2 32. Rxg5 hxg5 33. Nd6 Rf4 0-1

[Event "26th Hit Open-A 2022"]
[Site "Nova Gorica"]
[Date "2022.09.22"]
[Round "9.38"]
[White "Budai, Federico"]
[Black "Di Lascio, Savino"]
[Result "0-1"]
[WhiteElo "1712"]
[BlackElo "1793"]
[Annotator "NA RC COMBH"]
[PlyCount "106"]
[EventDate "2022.09.16"]
[EventType "swiss"]
[EventCountry "SLO"]
[SourceTitle "playchess.com"]
[Source "ChessBase"]
[SourceQuality "1"]

1. e4 c6 2. d4 d5 3. exd5 cxd5 4. Bd3 Nc6 5. c3 g6 6. Nf3 Bg7 7. O-O Nh6 8. Re1 O-O 9. Nbd2 Bf5 10. Nb3 Bxd3 11. Bxh6 Bxh6 12. Qxd3 b6 13. Ne5 Rc8 14. Re2 e6 15. g3 Nxe5 16. dxe5 Rc4 17. Nd4 a6 18. f4 Qa8 19. h4 b5 20. Rc2 Rfc8 21. Rac1 Bf8 22. Kh2 Qb7 23. a3 Qb6 24. Kg2 Be7 25. Kh2 Qd8 26. Kh3 h5 27. Kg2 Kg7 28. Kh3 Qb6 29. Kg2 R4c7 30. Kf3 Rb8 31. Ke2 Bc5 32. Kf3 a5 33. Nb3 Be7 34. Nd4 a4 35. Ke2 Rc4 36. Kf3 Rbc8 37. Ke2 Bc5 38. Ke3 Bxd4+ 39. cxd4 Qc6 40. Rxc4 bxc4 41. Qc2 Rb8 42. Qd2 Qb6 43. Rc2 Qb3+ 44. Kf2 Qa2 45. Ke2 Rb3 46. Kf2 Rd3 47. Qb4 Qb1 48. Rd2 Rb3 49. Qe7 Qh1 50. Qf6+ Kg8 51. Qd8+ Kh7 52. Qf8 Rf3+ 53. Ke2 Qf1# 0-1

[Event "26th Hit Open-A 2022"]
[Site "Nova Gorica"]
[Date "2022.09.22"]
[Round "9.39"]
[White "Cokan, Mirko"]
[Black "Vidmar, Klara"]
[Result "0-1"]
[WhiteElo "1683"]
[BlackElo "1788"]
[Annotator "NA RC COMBH"]
[PlyCount "110"]
[EventDate "2022.09.16"]
[EventType "swiss"]
[EventCountry "SLO"]
[SourceTitle "playchess.com"]
[Source "ChessBase"]
[SourceQuality "1"]

1. d4 d5 2. e4 dxe4 3. Nc3 Nf6 4. f3 exf3 5. Nxf3 e6 6. Bd3 Nc6 7. a3 Be7 8. Bf4 Bd6 9. Bg5 h6 10. Bxf6 Qxf6 11. Ne4 Qd8 12. Nxd6+ Qxd6 13. c3 O-O 14. Qc2 e5 15. d5 Qxd5 16. O-O-O Qa5 17. Nd2 Be6 18. Nc4 Qc5 19. b4 Qe7 20. Rde1 Rad8 21. Ne3 a5 22. Bb5 axb4 23. axb4 Ra8 24. Bc4 Bxc4 25. Nxc4 Qe6 26. Qb3 Rfd8 27. Kb2 Qd5 28. Re2 b5 29. Ne3 Qd3 30. Rhe1 h5 31. Nc2 Qd5 32. Ne3 Qxb3+ 33. Kxb3 f6 34. h4 Ne7 35. g4 hxg4 36. Nxg4 Nf5 37. Rg1 Kf7 38. h5 Rd3 39. Rf2 Ke6 40. Rh1 Rg3 41. Rhf1 Nd4+ 42. Kb2 Rxg4 43. cxd4 Rxd4 44. h6 Rxb4+ 45. Kc3 Rf4 46. Rxf4 exf4 47. hxg7 Rg8 48. Rxf4 Rxg7 49. Kb4 Rg5 50. Rf1 c6 51. Rc1 Rg4+ 52. Ka5 Kd5 53. Kb6 Rc4 54. Rf1 Ke6 55. Re1+ Kf7 0-1

[Event "26th Hit Open-A 2022"]
[Site "Nova Gorica"]
[Date "2022.09.22"]
[Round "9.40"]
[White "Ivsek, Cveto"]
[Black "Guid, Taja"]
[Result "1/2-1/2"]
[WhiteElo "1763"]
[BlackElo "1511"]
[Annotator "NA RC COMBH"]
[PlyCount "75"]
[EventDate "2022.09.16"]
[EventType "swiss"]
[EventCountry "SLO"]
[SourceTitle "playchess.com"]
[Source "ChessBase"]
[SourceQuality "1"]

1. d4 d5 2. Bf4 Nf6 3. e3 e6 4. Nf3 Bd6 5. Bg3 O-O 6. c3 b6 7. Bd3 Bb7 8. Nbd2 c5 9. O-O Qc7 10. Re1 Nbd7 11. Rc1 Rfe8 12. Bb5 a6 13. Bxd7 Nxd7 14. Qc2 f5 15. Bxd6 Qxd6 16. g3 Rac8 17. Qb3 b5 18. a3 Bc6 19. Nh4 g6 20. f4 a5 21. Nhf3 c4 22. Qc2 b4 23. axb4 axb4 24. Ra1 Ra8 25. Reb1 Nb6 26. Ne5 Ba4 27. Qc1 Rec8 28. Kf2 Rc7 29. h4 Rca7 30. h5 gxh5 31. Qh1 Be8 32. Rxa7 Rxa7 33. Ra1 Rxa1 34. Qxa1 bxc3 35. bxc3 Na4 36. Ke1 Qe7 37. Ndf3 h6 38. Ke2 1/2-1/2

[Event "26th Hit Open-A 2022"]
[Site "Nova Gorica"]
[Date "2022.09.22"]
[Round "9.41"]
[White "Novak, Rok"]
[Black "Mihelj, Edvard"]
[Result "1-0"]
[WhiteElo "1763"]
[BlackElo "1657"]
[Annotator "NA RC COMBH"]
[PlyCount "97"]
[EventDate "2022.09.16"]
[EventType "swiss"]
[EventCountry "SLO"]
[SourceTitle "playchess.com"]
[Source "ChessBase"]
[SourceQuality "1"]

1. e4 e5 2. Nf3 d6 3. d4 Nf6 4. dxe5 Nxe4 5. Qd5 Nc5 6. Bg5 Be7 7. exd6 Qxd6 8. Nc3 c6 9. Qxd6 Bxd6 10. O-O-O Bc7 11. h4 h6 12. Re1+ Ne6 13. Bd2 O-O 14. g4 Nf4 15. Ne5 Ng6 16. Nxg6 fxg6 17. Bd3 Bxg4 18. Bxg6 Bf5 19. Bh5 Na6 20. Rhg1 Kh7 21. Re7 Rg8 22. Bf7 Rgd8 23. Bc4 Rd7 24. Rgxg7+ Kh8 25. Rxd7 Bxd7 26. Rxd7 Be5 27. Bxh6 b5 28. Bd3 Nc5 29. Rh7+ Kg8 30. Bg6 Ne6 31. Re7 Bf4+ 32. Bxf4 Nxf4 33. Re8+ Rxe8 34. Bxe8 b4 35. Ne4 Ne2+ 36. Kd2 Nd4 37. h5 Kg7 38. f4 Kf8 39. Bg6 Kg7 40. c3 bxc3+ 41. bxc3 Ne6 42. f5 Nf8 43. Kd3 a5 44. Kc4 a4 45. Kc5 a3 46. Kxc6 Kh6 47. Kd6 Kg7 48. c4 Kh6 49. c5 1-0

[Event "26th Hit Open-A 2022"]
[Site "Nova Gorica"]
[Date "2022.09.22"]
[Round "9.42"]
[White "Papler, Peter"]
[Black "Azinovic, Igor"]
[Result "1-0"]
[WhiteElo "1750"]
[BlackElo "1814"]
[Annotator "NA RC COMBH"]
[PlyCount "121"]
[EventDate "2022.09.16"]
[EventType "swiss"]
[EventCountry "SLO"]
[SourceTitle "playchess.com"]
[Source "ChessBase"]
[SourceQuality "1"]

1. d4 d5 2. Nf3 Nf6 3. e3 c5 4. c3 Nc6 5. Bd3 Bg4 6. Nbd2 e6 7. Qb3 Rb8 8. Qa4 c4 9. Bb1 Bd6 10. O-O O-O 11. Re1 a6 12. e4 dxe4 13. Ng5 b5 14. Qc2 Bf5 15. Ngxe4 Nxe4 16. Nxe4 Qh4 17. g3 Qh5 18. Qd2 Be7 19. Qf4 h6 20. Bc2 Bg4 21. Nd2 Bg5 22. Qd6 Bxd2 23. Bxd2 Rfd8 24. Qxc6 Rdc8 25. Qg2 Bf3 26. Qf1 g5 27. Be4 g4 28. Bxf3 gxf3 29. Re5 Qg4 30. Rae1 Re8 31. R1e4 Qg6 32. Qh3 Kh7 33. Qh5 f6 34. Qxg6+ Kxg6 35. Rxe6 Rxe6 36. Rxe6 Kf5 37. Rxa6 h5 38. a3 Re8 39. Be3 h4 40. Rc6 h3 41. Rc5+ Ke4 42. Rh5 Kd3 43. Rxb5 Ke2 44. Rf5 Rb8 45. Bc1 Kd1 46. Rxf3 Kxc1 47. Rxf6 Kxb2 48. Rf3 Kxa3 49. Kf1 Ka4 50. Ke2 Rb1 51. g4 Rb2+ 52. Ke3 Rc2 53. Kf4 Kb3 54. g5 Rxc3 55. Rxc3+ Kxc3 56. g6 Kb2 57. g7 c3 58. g8=Q c2 59. Qb8+ Ka2 60. Qc7 Ka1 61. d5 1-0

[Event "26th Hit Open-A 2022"]
[Site "Nova Gorica"]
[Date "2022.09.22"]
[Round "9.44"]
[White "Juvan, Vid"]
[Black "Novak, Simona"]
[Result "1-0"]
[WhiteElo "1564"]
[BlackElo "1692"]
[Annotator "NA RC COMBH"]
[PlyCount "113"]
[EventDate "2022.09.16"]
[EventType "swiss"]
[EventCountry "SLO"]
[SourceTitle "playchess.com"]
[Source "ChessBase"]
[SourceQuality "1"]

1. e4 c6 2. d4 d5 3. Nd2 dxe4 4. Nxe4 Bf5 5. Ng3 Bg6 6. Nf3 Nd7 7. h4 h6 8. h5 Bh7 9. Bd3 Bxd3 10. Qxd3 e6 11. Bd2 Ngf6 12. O-O-O Be7 13. Kb1 O-O 14. Ne4 c5 15. dxc5 Nxc5 16. Nxc5 Bxc5 17. Qc3 Ne4 18. Qc4 Nxd2+ 19. Rxd2 Qb6 20. Rhd1 Rac8 21. Qf4 Rcd8 22. Ne5 Rxd2 23. Rxd2 Bd6 24. Qe4 Bxe5 25. Qxe5 Rd8 26. Qe3 Rxd2 27. Qxd2 Qc7 28. b3 Kf8 29. Qd4 b6 30. f4 Ke7 31. Kb2 f6 32. c4 Qc6 33. Qd2 Qc5 34. g4 e5 35. Kc3 Qa5+ 36. Kd3 Qc5 37. Qe3 Qd6+ 38. Kc3 Qe6 39. fxe5 fxe5 40. Qe4 Qd6 41. Qb7+ Kf6 42. Qe4 Qd4+ 43. Qxd4 exd4+ 44. Kxd4 Kg5 45. b4 Kxg4 46. c5 bxc5+ 47. bxc5 Kxh5 48. c6 g5 49. c7 g4 50. c8=Q Kh4 51. Ke3 h5 52. Kf4 Kh3 53. Qc3+ Kh2 54. Qg3+ Kh1 55. Qh4+ Kg2 56. Qxh5 a5 57. Qxg4+ 1-0